00377 a2200157 450000500170000001000130001702000260003003500130005603700090006908200080007810000170008624500350010326000360013827000230017430000220019720240529130253.0 aB-759235 a9789354712524c295.00 aB-759235 bGift a950 aDeary, Terry aHorrible History/bTerry Deary aNew YorkbScholastic Inc.c2023 aNew YorkbNew York a140 p.c19 cm(Pb)